Statistiques concernant Les 10 villes les + peuplées par F

Cliquez ici pour prendre le quiz!

Statistiques générales

  • Ce quiz a été pris 46 fois
  • Le résultat moyen est 4 sur 10

Statistiques - réponses

RéponsesPop.Pays% Correct
N°5Francfort3 794 360A . . . . . . . e
76%
N°8Florence1 558 434I . . . . e
68%
N°3Fukuoka4 293 873J . . . n
56%
N°4Fortaleza4 074 730B . . . l
46%
N°1Fort Worth8 057 796É . . . . - . . . s
41%
N°2Faisalabad7 873 910P . . . . . . n
34%
N°7Freetown1 628 901S . . . . . - . . . . e
29%
N°6Fuzhou3 061 000C . . . e
22%
N°9Fresno1 309 368É . . . . - . . . s
17%
N°10Fort Myres1 197 501É . . . . - . . . s
0%

Distribution des résultats

Percentile par nombre de réponses

% des personnes avec chaque résultat

Votre développement - résultats

Vous n’avez pas pris ce quiz